Bytový dom

Salvato in:
Dettagli Bibliografici
Autore principale: Kováčik, Miroslav (Autore)
Altri autori: Jamnický, Martin (Relatore della tesi)
Natura: Manoscritto Libro
Lingua:slovacco
Pubblicazione: 2015
Soggetti:
Accesso online:http://is.stuba.sk/zp/portal_zp.pl?podrobnosti=90078
https://opac.crzp.sk/?fn=detailBiblioForm&sid=FF44C990A7CA883E4E895D929FD7
Tags: Aggiungi Tag
Nessun Tag, puoi essere il primo ad aggiungerne!!

MARC

LEADER 00000ntm a22000003a 4500
001 stuzp51048
003 SK-STU
005 20230623121446.9
007 ta
008 150427s2015----xo-----f-mn---000-0-slo-d
040 |a STU  |b slo 
041 0 |a slo 
100 1 |a Kováčik, Miroslav  |u 010180  |4 aut  |U SvF Stavebná fakulta  |T SvF Katedra konštrukcií pozemných stavieb  |X 8804  |U V180  |Y 18  |7 8804 
242 0 1 |a Residential building  |y eng 
245 1 0 |a Bytový dom 
260 |c 2015 
650 4 |a bytový dom  |2 slo 
650 4 |a tepelno-technické posúdenie  |2 slo 
650 4 |a výkresová dokumentácia  |2 slo 
650 4 |a residential house  |2 eng 
650 4 |a construction project  |2 eng 
650 4 |a thermal and technical characteristics  |2 eng 
700 1 |a Jamnický, Martin  |4 ths  |X 4052  |7 A000004052 
856 4 |u http://is.stuba.sk/zp/portal_zp.pl?podrobnosti=90078 
856 4 |u https://opac.crzp.sk/?fn=detailBiblioForm&sid=FF44C990A7CA883E4E895D929FD7 
SQL |a stuzp51048  |b DBP  |c SLO  |d Bytový dom  |e 8804  |f Kováčik, Miroslav  |g 010180  |h 4052  |i Jamnický, Martin  |j 20150623  |k 4  |l 01  |m http://is.stuba.sk/zp/portal_zp.pl?podrobnosti=90078  |n B-PSA  |o 5.1.4. pozemné stavby, 5.1.1. architektúra a urbanizmus